Study of EPDM rubber and their blend on compression deflection of coextruded sponge tube in automobile door seals vulcanised in ultra high frequency microwave system (Record no. 69770)

MARC details
000 -LEADER
fixed length control field 00559nam a2200145Ia 4500
100 ## - MAIN ENTRY--AUTHOR NAME
Personal name Panda R
245 #0 - TITLE STATEMENT
Title Study of EPDM rubber and their blend on compression deflection of coextruded sponge tube in automobile door seals vulcanised in ultra high frequency microwave system
260 ## - PUBLICATION, DISTRIBUTION, ETC. (IMPRINT)
Name of publisher RUBCON 2002: Proceedings of the Indian Rubber Conference January 12-13. pp.137-144
650 ## - SUBJECT ADDED ENTRY--TOPICAL TERM
Topical Term Automobile door seals
650 ## - SUBJECT ADDED ENTRY--TOPICAL TERM
Topical Term Blend
650 ## - SUBJECT ADDED ENTRY--TOPICAL TERM
Topical Term Compression deflection
650 ## - SUBJECT ADDED ENTRY--TOPICAL TERM
Topical Term EPDM rubber
942 ## - ADDED ENTRY ELEMENTS (KOHA)
Koha item type Journals
Holdings
Withdrawn status Lost status Damaged status Not for loan Home library Current library Shelving location Date acquired Koha item type
      Journals RRII Library RRII Library Rubber chemistry 29/11/2002 Journals